00626nam a2200229Ia 450000100060000000300070000600800410001302000150005404000110006908000080008010000160008824500360010424500670014026000110020726000210021826000090023930000190024865300360026794200070030399900170031095200690032713370GE_BSU181216s||||||||xx |||||||||||||| ||und|| a0434009091 cGE_BSU a575 aZimmer,Carl aEvolution:The Triuph of an Idea cIntroduction by Stephen Jany Could. Foreword by Richard Hutton aLondon bwilliam Heineman c2001 a364p.ill.26cm. aEvolution:The Triuph of an Idea cBK c46531d46531 00104070960986d2018-12-17p36931r2018-12-17w2018-12-17yBK